Datum a čas kvízu
38.5
Celkem bodů
Celkový počet nahraných bodů na tomto kvízu bez doplňovacích otázek.
3.
Pořadí na kvízu
Konečné umístění týmu na tomto kvízu.
Zaznamenané odpovědi
# | Otázka | Odpověď | Body | Výsledky |
---|---|---|---|---|
1. | Minulý týden projednával Městs... | krabice od banánů, Lidl | 1 | |
2. | Slovenská vláda schválila plán... | medvěd | 0 | |
3. | Minulý týden vystoupila rovnou... | Dua Lipa; Na ostří nože | 1 | |
4. | Jak se jmenuje horská chata le... | Luční bouda | 1 | |
5. | Dvojnásobná grandslamová šampi... | Jiří Novák | 1 | |
6. | Milovníci komiksů se každoročn... | Comic-Con | 1 | |
7. | Hlavní postavy ze seriálu Teor... | Stuart | 1 | |
8. | Jedním z nejoblíbenějších komi... | 1C 2D 3A 4B | 1 | |
9. | Jak se jmenuje muž s iniciálam... | Kája (Karel) Saudek | 1 | |
10. | V současné době vychází v komi... | Karel Čapek, R.U.R. | 1 |